000 00527pab a2200181 454500
008 180718b2012 xxu||||| |||| 00| 0 eng d
100 _aCengiz, Firat
245 _aThe 2011 general elections in Turkey: Potential implication on domestic and international politics in the shadow of a discourse change?
260 _c2012
300 _ap.255-269.
362 _aJan
650 _aElections - Turkey
650 _aElections
700 _aHoffmann, Lars
773 _aParliamentary Affairs
908 _aN
909 _a96075
999 _c96075
_d96075